Language problems of developing nations
Most of the essays presented in this book were papers prepared for a conference on the language problems of the developing nations at Airlie House, Warrenton, Virginia, November 1-3, 1966
Gorde:
| Formatua: | Liburua |
|---|---|
| Hizkuntza: | Undetermined |
| Argitaratua: |
New York
Wiley
1968
|
| Gaiak: | |
| Etiketak: |
Etiketa erantsi
Etiketarik gabe, Izan zaitez lehena erregistro honi etiketa jartzen!
|
| Thư viện lưu trữ: | Trung tâm Học liệu Trường Đại học Cần Thơ |
|---|
| LEADER | 00837nam a2200193Ia 4500 | ||
|---|---|---|---|
| 001 | CTU_220434 | ||
| 008 | 210402s9999 xx 000 0 und d | ||
| 082 | |a 409.1724 | ||
| 082 | |b L287 | ||
| 245 | 0 | |a Language problems of developing nations | |
| 245 | 0 | |c Edited by Joshua A. Fishman, Charles A. Ferguson, Jyotirindra Das Gupta | |
| 260 | |a New York | ||
| 260 | |b Wiley | ||
| 260 | |c 1968 | ||
| 520 | |a Most of the essays presented in this book were papers prepared for a conference on the language problems of the developing nations at Airlie House, Warrenton, Virginia, November 1-3, 1966 | ||
| 650 | |a Quốc gia đang phát triển,Developing countries,Sociolinguistics,Ngôn ngữ học xã hội | ||
| 650 | |x Ngôn ngữ,Languages | ||
| 904 | |i Nguyên | ||
| 980 | |a Trung tâm Học liệu Trường Đại học Cần Thơ | ||